00426nam a2200145Ia 4500008004100000020001800041041000800059082001500067100002300082245010000105250000600205260003900211300001800250650001200268210716s2010 xx 000 0 und d a9788177585629 aeng a332.1 PATB aPathak, Bharati V. aIndian financial system: markets institutions and services.bMarkets institutions and services. a4 aNew DelhibPearson Educationc2010 axxvi,836/2014 aFinance